Urban Design Skills Working Group : report to the minister for housing, planning and regeneration, DTLR (Record no. 102117)

MARC details
000 -LEADER
fixed length control field 00896cam a2200241 4500
001 - CONTROL NUMBER
control field J118223
008 - FIXED-LENGTH DATA ELEMENTS--GENERAL INFORMATION
fixed length control field 020529n2001 000 0 eng u
035 ## - SYSTEM CONTROL NUMBER
System control number (Sirsi) u118223
050 ## - LIBRARY OF CONGRESS CALL NUMBER
Classification number 711.1
110 ## - MAIN ENTRY--CORPORATE NAME
Corporate name or jurisdiction name as entry element Urban Design Skills Working Group
9 (RLIN) 4251
245 ## - TITLE STATEMENT
Title Urban Design Skills Working Group : report to the minister for housing, planning and regeneration, DTLR
260 ## - PUBLICATION, DISTRIBUTION, ETC.
Place of publication, distribution, etc. London
Name of publisher, distributor, etc. CABE
Date of publication, distribution, etc. 2001
350 ## - PRICE (NR) (BK AM CF MU VM SE) [OBSOLETE]
Price 0
520 ## - SUMMARY, ETC.
Summary, etc. Reports on progress on the Urban Design Skills Working Group objectives to promote a multi-disciplinary approach to training in urban design and to consider how local authorities might be encouraged to promote better urban design in their areas.
650 ## - SUBJECT ADDED ENTRY--TOPICAL TERM
Topical term or geographic name entry element ARCHITECTURE
650 ## - SUBJECT ADDED ENTRY--TOPICAL TERM
Topical term or geographic name entry element DESIGN
650 ## - SUBJECT ADDED ENTRY--TOPICAL TERM
Topical term or geographic name entry element LOCAL AUTHORITIES
650 ## - SUBJECT ADDED ENTRY--TOPICAL TERM
Topical term or geographic name entry element LOCAL GOVERNMENT
650 ## - SUBJECT ADDED ENTRY--TOPICAL TERM
Topical term or geographic name entry element TOWN PLANNING
650 ## - SUBJECT ADDED ENTRY--TOPICAL TERM
Topical term or geographic name entry element URBAN DESIGN
650 ## - SUBJECT ADDED ENTRY--TOPICAL TERM
Topical term or geographic name entry element PLANNING
942 ## - ADDED ENTRY ELEMENTS (KOHA)
Suppress in OPAC 0
Holdings
Withdrawn status Lost status Source of classification or shelving scheme Damaged status Not for loan Home library Current library Shelving location Date acquired Total Checkouts Full call number Barcode Date last seen Copy number Price effective from Koha item type
    Dewey Decimal Classification     London London Folio 29/05/2002   F711.1 URB 30065924 06/08/2019 1 06/08/2019 Book